| 000 | 00725nam a2200205 a 4500 | ||
|---|---|---|---|
| 005 | 20240920064218.0 | ||
| 008 | 991125c1992 par 000 0 eng u | ||
| 035 | _aUPN01000052844 | ||
| 049 | _aCG | ||
| 050 | 4 |
_aLA210 _bP3.7 |
|
| 100 | 1 | _aPapagiannis, George John | |
| 245 | 1 | 4 |
_aThe school restructuring movement in the USA : _ban analysis of major issues and policy implications / _cGeorge J. Papagiannis, Peter A. Easton, J. Thomas Owens. |
| 260 |
_aParís : _bIIEP, _cc1992. |
||
| 300 | _a83 p. | ||
| 440 | 0 |
_aIncreasing and improving the quality of basic education ; _v6 |
|
| 650 | 4 |
_aEducación _zEstados Unidos _9803 |
|
| 700 | 1 |
_aEaston, Peter A., _ecoaut. |
|
| 700 | 1 |
_aOwens, J. Thomas, _ecoaut. |
|
| 905 | _aLibro | ||
| 999 |
_c52844 _d52844 |
||